Orang utan behavior
| Main Author: | |
|---|---|
| Format: | Book |
| Published: |
London :
Van Nostrand Reinhold Company ,
1980
|
| Subjects: |
MARC
| LEADER | 00000cam a2200000 7i4500 | ||
|---|---|---|---|
| 001 | 0000035412 | ||
| 002 | 000038294 | ||
| 005 | 20000331.0 | ||
| 020 | |a 0442251548 | ||
| 090 | 0 | 0 | |a 599.884 |b MAP |
| 100 | 1 | |a Maple, Terry L | |
| 245 | 1 | 0 | |a Orang utan behavior |c Terry L.Maple |
| 260 | |a London : |b Van Nostrand Reinhold Company , |c 1980 | ||
| 300 | |a 268p. : |b ill. ; |c 24cm. | ||
| 650 | 0 | 0 | |a Orang utan |x Behavior |
| 999 | |a 020404 |b BUKU |c PINJAMAN |e PERPUSTAKAAN KOMUNITI PETALING JAYA | ||